EU8 Countries - Statistics

General Stats
  • This quiz has been taken 37 times
  • The average score is 8 of 8
Answer Stats
Answer % Correct
Estonia
100%
Latvia
100%
Lithuania
100%
Hungary
97%
Poland
97%
Slovenia
97%
Czechia
94%
Slovakia
94%
No matching quizzes found
Score Distribution
Percent of People with Each Score
Percentile by Number Answered
Your Score History
You have not taken this quiz